000 01148caa a22002535a 4500
001 E141546
008 071130s2007 xxk f 000 0 eng d
020 _a9781859462751
035 _a(Sirsi) u141546
041 0 _aeng
050 0 4 _a690.22 $2 18
110 2 _aAssociation for Project Safety
_95460
245 0 0 _aDesign risk management
_badvice for designers on the implications of the Construction (Design and Management) Regulations 2007
260 _aLondon
_bRIBA
_c2007
300 _axv, 112p.
_c25cm.
520 _aProvides guidance on duties under the Construction (Design and Management) Regulations 2007 and the associated Approved Code of Practice. Offers advice for architects and construction designers. Topics covered include notifiable and non-notifiable projects, the design risk management process and record keeping. CD-ROM version available for reference in library.
521 2 _aAdvanced
590 _aKA
650 2 4 _aCONSTRUCTION (DESIGN AND MANAGEMENT) REGULATIONS 2007
651 4 _aUnited Kingdom
_y
690 _aBUILT ENVIRONMENT-CONSTRUCTION DESIGN
700 1 _aSmith, Nick Charlton
_eEditor
942 _n0
999 _c107696
_d107696